00929cam a2200229 a 450000100100000000500170001000800410002704000250006808200150009310000370010824501000014526000350024530000280028049000110030850400320031965000190035165000560037083000170042695201180044395201230056199900150068400000663520200929153949.0790806s1970 ve af b 001 0 spa  aDO-SdBNPbspacBNPHU a410bR819a1 aRosi de Tariffi, Natalia.91842410aAmérica, cuarta dimensión :blos etruscos salieron de los Andes /cNatalia Rosi de Tariffi. aCaracas :bMonte Avila,c1970. a218 p. :bil. ;c20 cm.1 aPrisma aBibliografía: p. 195-209. 4aEtrusco918425 4aAntropología indígenaxAmérica del sur918426 0aPrisma93770 001052708MOaGRbGRcCTd2009-09-01iLF1l0o410 R819ap6635-10r2020-06-25w2020-06-25y2ZPréstamo interno 001053728MOaGRbGRcCTd2009-09-01iLF1l0o410 R819ap6635-20r2020-06-25te.2w2020-06-25y2ZPréstamo interno c6425d6425